000 00631nam a2200241Ia 4500
001 29560
005 20240114001138.0
007 ta
008 060701s1982 a g b000 u 465 u
040 _aCotton College,Assam
041 _a465
082 _a823.08
_bW 817 P
100 _aWodehouse, P.G. .
245 0 _aThe Gold Bat /
_cP.G.Wodehouse.
_hTextual Documents
250 _a1st ed. /
260 _aMumbai :
_bJai Publishing House ,
_c1982.
300 _a155p. :
_bill ;
_c18cm .
653 _aEnglish Short Stories
653 _aG-English
942 _2ddc
_cBK
999 _c29542
_d29542